Samai

Bibliographic Details
Main Author: Adibah Amin
Other Authors: Abraham, Beatrice
Format: Book
Published: Petaling Jaya : Longman , 1993
Subjects:

MARC

LEADER 00000cam a2200000 7i4500
001 0000001528
002 000001674
005 20000330.0
020 |a 9837400307 
090 0 0 |a JF   |b ADI 
100 0 |a Adibah Amin 
245 1 0 |a Samai   |c Adibah Amin,Beatrice Abraham dan Farida Ibrahim 
260 |a Petaling Jaya :   |b Longman ,   |c 1993 
300 |a 30p. :   |b ill ;   |c 24cm. 
650 0 0 |a Children's stories 
700 1 |a Abraham, Beatrice 
999 |a 034179   |b BUKU   |c PINJAMAN   |e PERPUSTAKAAN KOMUNITI PETALING JAYA 
999 |a 034180   |b BUKU   |c PINJAMAN   |e PERPUSTAKAAN KOMUNITI PETALING JAYA 
999 |a 034181   |b BUKU   |c PINJAMAN   |e PERPUSTAKAAN KOMUNITI PETALING JAYA